000 00613nam a22002417a 4500
003 UA-OsUOA
001 124776
007 ta
008 20170823b un ||||| |||| 00| 0 ukr d
100 _aЯков'юк Т.
090 _a821.161.2
_bЯ47
942 _cBK
040 _aUA-OsUOA
_bukr
_cUA-OsUOA
_dUA-OsUOA
245 _aЗатемнення
_bпоезії
300 _a175 с.
955 _a3
041 _aukr
080 _a821.161.2
020 _a966-8064-64-Х
260 _aЛуцьк
_c2003
650 7 _a82 Література. Літературознавство
_2UDC
999 _c411946
_d411946